Alle Torhüter der Fußball Bundesliga 23/24 - Statistiken

Allgemein
  • Dieses Quiz wurde 370 mal gespielt
    194 seit der letzten Aktualisierung
  • Das Durchschnittsergebnis liegt bei 23 aus 36
Antwortstatistiken
Verein Name Nation % Korrekt
FC Bayern München Manuel Neuer Deutschland
100%
Borussia Dortmund Gregor Kobel Schweiz
99%
FC Bayern München Sven Ulreich Deutschland
97%
Eintracht Frankfurt Kevin Trapp Deutschland
95%
VfB Stuttgart Alexander Nübel Deutschland
91%
Bayer 04 Leverkusen Lukas Hradecky Finnland
91%
VFL Wolfsburg Koen Casteels Belgien
90%
TSG 1899 Hoffenheim Oliver Baumann Deutschland
89%
1. FC Union Berlin Frederik Rönnow Dänemark
88%
RB Leipzig Peter Gulasci Ungarn
86%
VFL Bochum Manuel Riemann Deutschland
85%
Borussia Dortmund Alexander Meyer Deutschland
84%
SC Freiburg Florian Müller Deutschland
82%
RB Leipzig Janis Blaswich Deutschland
82%
1. FC Heidenheim Kevin Müller Deutschland
82%
Borussia Mönchengladbach Jonas Omlin Schweiz
80%
1. FC Köln Marvin Schwäbe Deutschland
79%
1. FSV Mainz 05 Robin Zentner Deutschland
77%
Werder Bremen Jiri Pavlenka Tschechien
74%
Werder Bremen Michael Zetterer Deutschland
73%
SC Freiburg Noah Atubolu Deutschland
72%
Bayer 04 Leverkusen Matej Kovar Tschechien
69%
FC Augsburg Finn Dahmen Deutschland
68%
Borussia Mönchengladbach Moritz Nicolas Deutschland
52%
SV Darmstadt 98 Marcel Schuhen Deutschland
50%
VFL Wolfsburg Pavao Pervan Österreich
48%
Eintracht Frankfurt Jens Grahl Deutschland
43%
FC Augsburg Tomas Koubek Tschechien
43%
VfB Stuttgart Fabian Bredlow Deutschland
39%
1. FC Union Berlin Alexander Schwolow Deutschland
36%
1. FC Köln Philipp Pentke Deutschland
25%
1. FSV Mainz 05 Daniel Batz Deutschland
18%
TSG 1899 Hoffenheim Luca Philipp Deutschland
14%
1. FC Heidenheim Vitus Eicher Deutschland
11%
SV Darmstadt 98 Alexander Brunst Deutschland
9%
VFL Bochum Niclas Thiede Deutschland
7%
Keine übereinstimmenden Quizze gefunden
Verteilung der Resultate
Anzahl Personen mit jedem Resultat
Perzentil nach korrekt beantworteten Fragen
Ihre Resultats-Entwicklung
Sie haben dieses Quiz seit der letzten Aktualisierung nicht gespielt